Libyer und Ägypter; Beiträge zur Ethnologie und Geschichte libyscher Völkerschaften nach den altägyptischen Quellen.

محفوظ في:

المؤلف الرئيسي: Hölscher, Wilhelm (مؤلف)

التنسيق: كتاب

اللغة: German

منشور في: Glückstadt ; New York : J. J. Augustin, 1937.

سلاسل: Agyptologische Forschungen ; 4.
AgForsch ; 4.

الموضوعات:

الوسوم: إضافة وسم

لا توجد وسوم, كن أول من يضع وسما على هذه التسجيلة!

رقم الطلب: DT57 .A4 v.4

LEADER 00964namaa2200289 4500
001 22918
003 OSt
005 20250519071644.0
008 130303s1937 gw a b 000 0 ger d
040 |c ARCE Library 
043 |a fh-----  
050 4 |a DT57 .A4 v.4 
100 1 |a Hölscher, Wilhelm,  |e author 
245 1 0 |a Libyer und Ägypter;   |b Beiträge zur Ethnologie und Geschichte libyscher Völkerschaften nach den altägyptischen Quellen. 
264 1 |a Glückstadt ;   |a New York :   |b J. J. Augustin,   |c 1937. 
300 |a 70 pages :   |b illustrations ;   |c 30 cm. 
490 1 |a Agyptologische Forschungen ;   |v 4. 
490 1 |a AgForsch ;   |v 4. 
500 |a "Gedruckt als Münchener Dissertation ... 1936." 
504 |a Includes bibliographical references. 
650 0 |a Libyans. 
650 0 |a Ethnology  |z Africa, Northeast. 
830 0 |a Agyptologische Forschungen ;   |v 4. 
830 0 |a AgForsch ;   |v 4. 
901 |a reviewed 
942 |c BK  |2 lcc 
999 |c 20396  |d 20396